| 000 | 01138nas a2200325 4500 | ||
|---|---|---|---|
| 001 | BR8100323 | ||
| 003 | BR-BrBNA | ||
| 005 | 20231205084459.0 | ||
| 007 | ta | ||
| 008 | 230509b bl.|||p| |||| 00| 00por d | ||
| 040 |
_aBR-BrBNA _bpor _cBiblioteca Nacional de Agricultura |
||
| 041 | _a(Pt) | ||
| 072 | _aH60; F22 | ||
| 100 | 1 | _aAmaral, A. dos S. | |
| 100 | 1 | _aGomes, A. da S. | |
| 245 | 1 | _aEfeitos da umidade do solo e de herbicidas na emergencia de plantulas de arroz e no controle de plantas daninhas [Oryza sativa; Semente; Rio Grande do Sul; Brasil] | |
| 246 | 1 | _aEffects of herbicides and soil moisture on rice emergence and control of weed plants [Oryza sativa; Seed; Rio Grande do Sul; Brazil] | |
| 650 | _aErva daninha | ||
| 650 | _aFisica do solo | ||
| 650 | _aArroz | ||
| 650 | _aSemente | ||
| 650 | _aHerbicida | ||
| 650 | _aControle quimico | ||
| 650 | _aUmidade do solo | ||
| 650 | _aPlantula | ||
| 650 | _aRio Grande do Sul | ||
| 773 | 0 |
_tTecnologia de Sementes (Brazil) _xISSN 0100-3666 _g(Sep 1980), v. 3(1) p. 11-26 _wBR8100323 |
|
| 909 |
_a202311 _bLúcia _c55 _dLúcia Elande |
||
| 942 |
_2AGRIS _n0 _cANA |
||
| 999 |
_c105502 _d105502 |
||